00934nab a2200253uuc4500001000800000005001700008008004100025035001200066035002100078040001300099041000800112100005400120245012200174260001000296650002400306650003600330650003400366650002900400700004500429700004800474773012900522942001000651999001900661117566620240202093024.0091026s2007 spa  a1175666 a(OCoLC)820505215 ccomduadb aspa10aMarquez Gutierrez, Blanca Zulay4auteaut957024410aEvaluación de conocimientos sobre el dengue en escolares de primera etapa de la Parroquia Coche, Caracas, Venezuela c2007. 7aDengue2lemb913809 aIntervención educativa987929 aEscolares - Venezuela9169004 7aConocimiento2lemb9208210aBorges, Rafael Horacio4auteaut965249710aRodriguez Ortega, Morella4auteaut94475140 tBoletín de Malariología y Salud Ambiental (Maracay)gVol. 47, No. 02, Ago.-Dic. 2007, 205-212w952894x1690-46480369895 cARIMP c525871d525871